000 00318nam a2200133Ia 4500
008 191201s2011 xx 000 0 und d
100 _aGUPTA,Shashi,K
245 0 _aAccounting for Managerial Decision
250 _aRep
260 _aN. delhi
_bkalayani pub
_c2011
300 _aMISC
650 _aMBA
942 _2ddc
_cBK
999 _c5161
_d5161